[Event "33ème Open International d'Avoine"]
[Site "Avoine"]
[Date "2018.07.21"]
[Round "1.35"]
[White "Bernhard, Simon"]
[Black "Poignot, Quentin"]
[Result "1-0"]
[WhiteElo "1863"]
[BlackElo "2191"]
[PlyCount "67"]
[EventDate "2018.??.??"]

1. e4 c5 2. Nf3 d6 3. d4 cxd4 4. Nxd4 Nf6 5. Nc3 g6 6. Be3 Bg7 7. f3 O-O 8. Qd2
Nc6 9. Bc4 Bd7 10. h4 Rc8 11. Bb3 h5 12. O-O-O Ne5 13. Bh6 Bxh6 14. Qxh6 Rxc3
15. bxc3 Qa5 16. Kb1 Rc8 17. g4 Qxc3 18. gxh5 Nc4 19. Qc1 Nxh5 20. Rd3 Qb4 21.
Rg1 a5 22. Ka1 Ne5 23. Qh6 e6 24. Nf5 d5 25. Qxh5 exf5 26. Bxd5 Qb6 27. Rdd1
Rxc2 28. Bb3 Ng4 29. Bxf7+ Kxf7 30. Qh7+ Kf6 31. Qh8+ Ke6 32. exf5+ gxf5 33.
Rge1+ Ne3 34. Qh6+ 1-0

[Event "33ème Open International d'Avoine"]
[Site "Avoine"]
[Date "2018.07.21"]
[Round "1.36"]
[White "Selebran, Henri"]
[Black "El Fakkak, Radouan"]
[Result "1/2-1/2"]
[WhiteElo "2183"]
[BlackElo "1858"]
[PlyCount "105"]
[EventDate "2018.??.??"]

1. e4 e6 2. d4 d5 3. e5 c5 4. c3 Qb6 5. Nf3 Bd7 6. a3 Bb5 7. c4 dxc4 8. d5 exd5
9. Qxd5 Ne7 10. Qe4 Qc6 11. Qc2 Qg6 12. Qxg6 hxg6 13. Nbd2 Nbc6 14. Nxc4 Nf5
15. Bg5 Be7 16. O-O-O Bxc4 17. Bxc4 Ncd4 18. Bf4 Nxf3 19. gxf3 Rh4 20. Bb5+ Kf8
21. Bg3 Bg5+ 22. Kb1 Rd4 23. Bd3 Rad8 24. Kc2 Ne7 25. h4 Bh6 26. Be4 Rd2+ 27.
Rxd2 Rxd2+ 28. Kb3 b5 29. a4 bxa4+ 30. Ka3 Rd4 31. h5 Bd2 32. hxg6 Nxg6 33. e6
Nf4 34. Rh8+ Ke7 35. exf7 Kxf7 36. Ra8 Bb4+ 37. Kxa4 Nd3 38. Rxa7+ Kf6 39. Ra6+
Kf7 40. Bh4 Bd2+ 41. Kb3 c4+ 42. Ka3 g5 43. Bg3 Bc1 44. Ra7+ Kf6 45. Ra6+ Ke7
46. Ra7+ Kf6 47. Ka2 Nb4+ 48. Ka1 Rd2 49. Rb7 Bxb2+ 50. Kb1 Bc3 51. Rb6+ Ke7
52. Rb7+ Kf6 53. Rb6+ 1/2-1/2

[Event "33ème Open International d'Avoine"]
[Site "Avoine"]
[Date "2018.07.21"]
[Round "1.37"]
[White "Canivet, Arnaud"]
[Black "Navrotescu, Andreea-Cristiana"]
[Result "0-1"]
[WhiteElo "1857"]
[BlackElo "2182"]
[PlyCount "46"]
[EventDate "2018.??.??"]

1. d4 Nf6 2. c4 g6 3. Nc3 d5 4. Bg5 Ne4 5. Bf4 Nxc3 6. bxc3 dxc4 7. e4 b5 8. a4
c6 9. axb5 cxb5 10. Qb1 Bd7 11. Nf3 Bg7 12. Ne5 O-O 13. Nxd7 Qxd7 14. e5 Qd5
15. Be2 Qxg2 16. Kd2 Qd5 17. Ke3 Nc6 18. Bf3 Qd7 19. Qxb5 Rac8 20. Bxc6 Rxc6
21. Rxa7 Qf5 22. Rd1 Rf6 23. Ke2 Qh5+ 0-1

[Event "33ème Open International d'Avoine"]
[Site "Avoine"]
[Date "2018.07.21"]
[Round "1.38"]
[White "Vallet, Marc"]
[Black "Noblecourt, Nicolas"]
[Result "1-0"]
[WhiteElo "2182"]
[BlackElo "1855"]
[PlyCount "51"]
[EventDate "2018.??.??"]

1. e4 g6 2. d4 Bg7 3. Nc3 c6 4. Bc4 d5 5. exd5 cxd5 6. Bxd5 e6 7. Bb3 Qxd4 8.
Qe2 Bd7 9. Nf3 Qc5 10. Ne4 Qc7 11. O-O Nf6 12. Nfg5 Nxe4 13. Nxe4 Nc6 14. c3
Na5 15. Bg5 Bc6 16. Nf6+ Kf8 17. Qe3 b6 18. Rad1 Nxb3 19. axb3 h6 20. Bf4 Qe7
21. Bd6 Bxf6 22. Bxe7+ Bxe7 23. Qe5 Rg8 24. Qc7 Be4 25. Rd7 Re8 26. Rfd1 1-0

[Event "33ème Open International d'Avoine"]
[Site "Avoine"]
[Date "2018.07.21"]
[Round "1.39"]
[White "Nottola, Adrien"]
[Black "Roger, Mehdi"]
[Result "1/2-1/2"]
[WhiteElo "1855"]
[BlackElo "2177"]
[PlyCount "97"]
[EventDate "2018.??.??"]

1. e4 c5 2. Nf3 d6 3. d4 cxd4 4. Qxd4 Nc6 5. Bb5 Bd7 6. Bxc6 Bxc6 7. Nc3 h6 8.
Be3 e5 9. Qd3 Nf6 10. O-O-O a6 11. h3 b5 12. Nh4 Qa5 13. Nf5 O-O-O 14. Nd5 Nxd5
15. exd5 Bb7 16. Qb3 g6 17. Ng3 Kb8 18. Kb1 Rc8 19. f4 f5 20. Bd2 Qc7 21. Rhe1
Bg7 22. Ne2 Qc4 23. Qxc4 Rxc4 24. b3 Re4 25. fxe5 Bxe5 26. Nc3 Rxe1 27. Bxe1
Re8 28. Rd3 Bf6 29. Bg3 Kc7 30. Kc1 g5 31. Kd2 f4 32. Bf2 Kd7 33. Nd1 Re4 34.
Bb6 Re5 35. Bd4 Rf5 36. Bxf6 Rxf6 37. Nf2 Rf7 38. c4 Kc7 39. Kc3 Re7 40. Ng4
Re2 41. Rd2 Re7 42. Nxh6 Bc8 43. Ng8 Re3+ 44. Kb4 Kb6 45. cxb5 axb5 46. Nf6 Bf5
47. a4 bxa4 48. bxa4 f3 49. gxf3 1/2-1/2

[Event "33ème Open International d'Avoine"]
[Site "Avoine"]
[Date "2018.07.21"]
[Round "1.40"]
[White "Meunier-Pion, Jean"]
[Black "Stankowski, Yves"]
[Result "1-0"]
[WhiteElo "2170"]
[BlackElo "1855"]
[PlyCount "89"]
[EventDate "2018.??.??"]

1. e4 e6 2. d4 d5 3. Nd2 Nf6 4. e5 Nfd7 5. f4 c5 6. c3 Nc6 7. Ngf3 Be7 8. g3
O-O 9. Bh3 Qb6 10. Nb3 cxd4 11. cxd4 Bb4+ 12. Bd2 a5 13. Kf2 a4 14. Nc1 f5 15.
Ne2 a3 16. b3 Qa5 17. Be3 Na7 18. Rc1 Nb5 19. g4 Nb8 20. gxf5 exf5 21. Rxc8
Rxc8 22. Bxf5 Re8 23. Qd3 h6 24. Bg6 Re6 25. Qf5 Rxg6 26. Qxg6 Qa6 27. Qe8+ Bf8
28. e6 Nd6 29. Qg6 Nc6 30. Ng3 Ne7 31. Qb1 Rc8 32. f5 Rc3 33. Rg1 Qd3 34. Qxd3
Rxd3 35. Ke2 Rc3 36. f6 Rc2+ 37. Kd3 Rxa2 38. fxe7 Bxe7 39. Nd2 Kh7 40. Bf4 g6
41. Bxd6 Bxd6 42. Rf1 Bb4 43. Rf7+ Kg8 44. Nge4 dxe4+ 45. Nxe4 1-0

[Event "33ème Open International d'Avoine"]
[Site "Avoine"]
[Date "2018.07.21"]
[Round "1.41"]
[White "Aubert, Estee"]
[Black "Mevel, Alberic"]
[Result "0-1"]
[WhiteElo "1854"]
[BlackElo "2169"]
[PlyCount "78"]
[EventDate "2018.??.??"]

1. d4 Nf6 2. Bf4 c5 3. e3 Qb6 4. Nc3 Qxb2 5. Nb5 Nd5 6. a3 a6 7. Rb1 Qa2 8. Qc1
axb5 9. Ra1 Qxa1 10. Qxa1 c4 11. Bg3 e6 12. Ke2 Rxa3 13. Qb2 Nc6 14. Kf3 f5 15.
Nh3 Rc3 16. Ke2 Ncb4 17. Kd2 Rxc2+ 18. Qxc2 Nxc2 19. Kxc2 Nb4+ 20. Kc3 d5 21.
Be2 Na6 22. Be5 Bb4+ 23. Kb2 O-O 24. g4 fxg4 25. Bxg4 Be7 26. Rg1 Bf6 27. Bf4
Nc5 28. Kc2 Nd3 29. Rb1 b4 30. Bd6 b3+ 31. Kc3 Re8 32. Be2 e5 33. Bxd3 exd4+
34. exd4 Bxh3 35. Bxc4 dxc4 36. Kxc4 Rd8 37. Rxb3 Rxd6 38. Rxh3 Rxd4+ 39. Kb5
Rd2 0-1

[Event "33ème Open International d'Avoine"]
[Site "Avoine"]
[Date "2018.07.21"]
[Round "1.42"]
[White "Gely, Yann"]
[Black "Lombart, Philippe"]
[Result "1-0"]
[WhiteElo "2162"]
[BlackElo "1852"]
[PlyCount "41"]
[EventDate "2018.??.??"]

1. e4 e5 2. f4 d5 3. exd5 exf4 4. Nf3 Bd6 5. Be2 c6 6. dxc6 Nxc6 7. d4 Nge7 8.
O-O O-O 9. c4 Ng6 10. Nc3 Bg4 11. Kh1 Bc7 12. d5 Bxf3 13. Bxf3 Nce5 14. c5 Nxf3
15. Rxf3 Be5 16. b4 Nh4 17. Rd3 f5 18. Bb2 Rf6 19. Qe1 Bxc3 20. Bxc3 Rg6 21. g3
1-0

[Event "33ème Open International d'Avoine"]
[Site "Avoine"]
[Date "2018.07.21"]
[Round "1.43"]
[White "Tomasi, Elise"]
[Black "Mancini, Mario"]
[Result "1-0"]
[WhiteElo "1847"]
[BlackElo "2157"]
[PlyCount "107"]
[EventDate "2018.??.??"]

1. d4 Nf6 2. Nf3 e6 3. g3 b6 4. Bg2 Bb7 5. O-O c5 6. c4 cxd4 7. Qxd4 d6 8. Nc3
Be7 9. b3 a6 10. Rd1 Nbd7 11. Bb2 O-O 12. Rac1 Qc7 13. Ba3 Nc5 14. b4 Ncd7 15.
e4 Rac8 16. Nd2 Rfd8 17. Ne2 Qb8 18. Nb3 Qa8 19. Nc3 Ne8 20. Bb2 Bf6 21. Qe3
Rxc4 22. a3 Rdc8 23. Na4 Rxc1 24. Rxc1 Bxb2 25. Nxb2 Rxc1+ 26. Nxc1 Nef6 27.
Nc4 Bxe4 28. Nxb6 Nxb6 29. Bxe4 Nbd5 30. Bxd5 Qxd5 31. Qc3 h5 32. Qc8+ Kh7 33.
Qxa6 g6 34. Qd3 Qe5 35. Ne2 d5 36. b5 Qb2 37. Qd4 Qb1+ 38. Kg2 Ne4 39. b6 Qb5
40. Nf4 Nd6 41. a4 Qa5 42. Nd3 Nc4 43. b7 e5 44. Qc5 Qd2 45. b8=Q Qxd3 46. Qbb4
Nd2 47. Qc1 Qf3+ 48. Kg1 Nc4 49. a5 e4 50. a6 h4 51. Qe7 e3 52. Qxh4+ Kg8 53.
fxe3 Nxe3 54. Qc8+ 1-0

[Event "33ème Open International d'Avoine"]
[Site "Avoine"]
[Date "2018.07.21"]
[Round "1.44"]
[White "Midy, Robin"]
[Black "Crook, Oliver-James"]
[Result "1-0"]
[WhiteElo "2148"]
[BlackElo "1844"]
[PlyCount "123"]
[EventDate "2018.??.??"]

1. d4 Nf6 2. Bg5 Ne4 3. Bf4 c5 4. d5 Qb6 5. Nd2 Nxd2 6. Bxd2 e6 7. e4 d6 8. Bc3
e5 9. Bc4 Nd7 10. a4 a6 11. Ne2 Nf6 12. Qd3 Nh5 13. O-O g5 14. g3 Bh3 15. Rfb1
Rg8 16. Kh1 Qd8 17. Qf3 Nf6 18. b4 Rg6 19. bxc5 Ng4 20. Be1 Rf6 21. Qb3 dxc5
22. f3 Nxh2 23. Kxh2 Rh6 24. Kg1 Bc8 25. Bd2 Qd7 26. Kf2 Rh2+ 27. Ke3 Qh3 28.
Rg1 f5 29. Kd3 Rf2 30. c3 Rxf3+ 31. Kc2 fxe4 32. d6 e3 33. Be1 Qf5+ 34. Kb2
Bxd6 35. Rd1 Be7 36. g4 Qg6 37. Bg3 Rf6 38. Kc1 Rb6 39. Qc2 e4 40. Rgf1 Be6 41.
Qa2 Rd8 42. Rxd8+ Bxd8 43. Bxe6 Rxe6 44. Qd5 Rc6 45. Rf5 Be7 46. Qxe4 Rf6 47.
Qxb7 Rxf5 48. Qc8+ Kf7 49. gxf5 Qf6 50. Qd7 h5 51. Qd5+ Ke8 52. Qe4 h4 53. Be5
Qf7 54. c4 Kf8 55. Qa8+ Qe8 56. Qxa6 Qd7 57. Qh6+ Ke8 58. Qh8+ Kf7 59. Qg7+ Ke8
60. Qg8+ Bf8 61. Qg6+ Kd8 62. Qxg5+ 1-0

[Event "33ème Open International d'Avoine"]
[Site "Avoine"]
[Date "2018.07.21"]
[Round "1.45"]
[White "Mauffrey, Victor"]
[Black "Merenciano, Alexandre"]
[Result "0-1"]
[WhiteElo "1844"]
[BlackElo "2139"]
[PlyCount "54"]
[EventDate "2018.??.??"]

1. Nf3 Nf6 2. d4 c5 3. c4 cxd4 4. Nxd4 e5 5. Nb3 b6 6. Nc3 Bb7 7. Bg5 Bb4 8.
Qd3 h6 9. Bd2 Nc6 10. Nd5 Bxd2+ 11. Nxd2 Nxd5 12. Qxd5 O-O 13. O-O-O Qc7 14.
Qd3 d5 15. Kb1 d4 16. e4 Nb4 17. Qb3 a5 18. a3 Na6 19. Bd3 Nc5 20. Qc2 Rac8 21.
Nb3 Nxd3 22. Qxd3 Qxc4 23. Qxc4 Rxc4 24. f3 Rfc8 25. Rc1 Ba6 26. Nd2 Rxc1+ 27.
Rxc1 Bd3+ 0-1

[Event "33ème Open International d'Avoine"]
[Site "Avoine"]
[Date "2018.07.21"]
[Round "1.46"]
[White "Maloberti, David"]
[Black "Troubat, Alexandre"]
[Result "1/2-1/2"]
[WhiteElo "2136"]
[BlackElo "1843"]
[Annotator "Gomard,Alexandre"]
[PlyCount "84"]
[EventDate "2018.??.??"]

1. d4 Nf6 2. c4 c5 3. Nf3 g6 4. d5 e6 5. Nc3 exd5 6. cxd5 d6 7. e4 Bg7 8. Bb5+
Bd7 9. Bxd7+ Qxd7 10. O-O O-O 11. a4 Na6 12. Bf4 Nh5 13. Be3 Rae8 14. Nd2 Nb4
15. Nc4 Bxc3 16. bxc3 Rxe4 17. Nd2 Rxe3 18. fxe3 Nxd5 19. Nc4 Nxc3 20. Qxd6
Qxd6 21. Nxd6 b6 22. Ra3 Rd8 23. Nxf7 Ne2+ 24. Kf2 Kxf7 25. Kxe2+ Ke6 26. Rd3
Rxd3 27. Kxd3 Nf6 28. h3 a6 29. Rb1 Nd7 {(=)} 30. g4 Kd5 31. e4+ Kc6 32. Ra1
Kd6 33. Ke3 Kc6 34. Kf4 c4 35. e5 Nc5 36. Rd1 Nd3+ 37. Ke4 b5 38. axb5+ axb5
39. Kd4 Nf4 40. Ke4 Nd3 41. Kd4 Nf4 42. Ke4 Nd3 1/2-1/2

[Event "33ème Open International d'Avoine"]
[Site "Avoine"]
[Date "2018.07.21"]
[Round "1.47"]
[White "Davy, Bruno"]
[Black "Defromont, Benjamin"]
[Result "1/2-1/2"]
[WhiteElo "1841"]
[BlackElo "2132"]
[PlyCount "154"]
[EventDate "2018.??.??"]

1. e4 e6 2. d3 d5 3. Nd2 c5 4. Ngf3 Nc6 5. g3 Bd6 6. Bg2 Nge7 7. O-O O-O 8. Re1
Bc7 9. c3 b6 10. e5 Ba6 11. Nf1 Qd7 12. h4 Rad8 13. N1h2 d4 14. c4 b5 15. b3
Rb8 16. Ng4 bxc4 17. bxc4 Ba5 18. Bd2 Kh8 19. Bxa5 Nxa5 20. Qd2 Nac6 21. h5 Ng8
22. Ng5 Nce7 23. Qa5 Rb6 24. Qxc5 h6 25. Ne4 Rfb8 26. Nd6 Nf5 27. Nxf5 exf5 28.
Nh2 Bb7 29. Nf3 Bxf3 30. Bxf3 Ne7 31. Re2 Rb1+ 32. Rxb1 Rxb1+ 33. Kg2 Rb6 34.
Re1 f4 35. g4 g6 36. Re4 gxh5 37. Rxd4 Qe8 38. Rxf4 Ng6 39. Re4 hxg4 40. Bxg4
Qg8 41. Qc8 Nf8 42. Kh3 Rb1 43. Bf3 Ne6 44. Qxg8+ Kxg8 45. Rg4+ Kf8 46. Bd5 Nc5
47. Rf4 Nxd3 48. Rxf7+ Ke8 49. Rxa7 Nxe5 50. Kh4 Rf1 51. Kg3 Nd3 52. Rf7 Rg1+
53. Kh2 Ra1 54. Ra7 Nxf2 55. Bf3 Nd3 56. a4 Kd8 57. Bc6 Ne5 58. Bb5 Rc1 59. Ra6
Rc3 60. Rd6+ Ke7 61. Ra6 Kd8 62. Re6 Nxc4 63. Rxh6 Ne5 64. Rh7 Ra3 65. Kg2 Ng4
66. Kf1 Ra2 67. Rd7+ Kc8 68. Re7 Kb8 69. Re4 Nh6 70. Ke1 Nf5 71. Kd1 Nd6 72.
Rb4 Nxb5 73. Rxb5+ Ka7 74. Rb4 Ka6 75. Kc1 Ka5 76. Rh4 Rxa4 77. Rxa4+ Kxa4
1/2-1/2

[Event "33ème Open International d'Avoine"]
[Site "Avoine"]
[Date "2018.07.21"]
[Round "1.48"]
[White "Deschin, Pierre-Antoine"]
[Black "Thorel, Gregoire"]
[Result "1-0"]
[WhiteElo "2131"]
[BlackElo "1841"]
[PlyCount "67"]
[EventDate "2018.??.??"]

1. Nf3 g6 2. e4 Bg7 3. d4 d6 4. Bc4 Nf6 5. Qe2 d5 6. exd5 Nxd5 7. O-O Nc6 8.
Bb5 O-O 9. c4 Nf6 10. d5 Nb8 11. Nc3 Bd7 12. Bf4 Nh5 13. Be5 a6 14. Bxg7 Nxg7
15. Bxd7 Nxd7 16. Rfe1 Re8 17. Rad1 Qc8 18. Ng5 Nf6 19. Rd3 h6 20. Nf3 e6 21.
Qe5 Nd7 22. Qf4 Nc5 23. Rdd1 Nf5 24. b4 Nd7 25. dxe6 Rxe6 26. Rxe6 fxe6 27. g4
e5 28. Qd2 Nd4 29. Nxd4 exd4 30. Qxd4 Nf8 31. Nd5 Ne6 32. Qf6 Qe8 33. Ne7+ Kh7
34. Qxe6 1-0

[Event "33ème Open International d'Avoine"]
[Site "Avoine"]
[Date "2018.07.21"]
[Round "1.49"]
[White "Salgues, Michel"]
[Black "Djidjeli, Sofiane"]
[Result "0-1"]
[WhiteElo "1840"]
[BlackElo "2130"]
[PlyCount "126"]
[EventDate "2018.??.??"]

1. e4 d6 2. d4 Nf6 3. Bd3 e5 4. c3 Be7 5. h3 O-O 6. Nf3 Nbd7 7. O-O d5 8. dxe5
dxe4 9. exf6 Nxf6 10. Be2 exf3 11. Bxf3 Qxd1 12. Rxd1 c6 13. Be3 Be6 14. Nd2
Rfd8 15. Nb3 Bd5 16. Be2 b6 17. Nd4 c5 18. Nf5 Bf8 19. Bg5 Be6 20. Ng3 h6 21.
Bxf6 gxf6 22. Kf1 Rab8 23. Bd3 b5 24. Nh5 Be7 25. Nf4 c4 26. Be4 Bd6 27. Nd5
Bxd5 28. Rxd5 Be5 29. a3 a5 30. g3 Rxd5 31. Bxd5 f5 32. f4 Bf6 33. Rd1 Kg7 34.
Rd2 h5 35. Ke1 Re8+ 36. Re2 Rd8 37. Rd2 h4 38. g4 fxg4 39. hxg4 h3 40. g5 Be7
41. Kf2 Bc5+ 42. Kg3 Be3 43. Rd1 h2 44. Kxh2 Bxf4+ 45. Kg2 Bxg5 46. Kf3 f5 47.
Rg1 Kf6 48. Rd1 Ke5 49. Rg1 Rxd5 50. Rxg5 Rd2 51. Rg8 Rxb2 52. Re8+ Kd6 53.
Rd8+ Kc6 54. Ke3 f4+ 55. Kxf4 Rb3 56. a4 bxa4 57. Rc8+ Kb6 58. Rxc4 a3 59. Rc8
a2 60. Rb8+ Kc5 61. Rxb3 a1=Q 62. Rb8 Qf1+ 63. Ke3 Qh3+ 0-1

[Event "33ème Open International d'Avoine"]
[Site "Avoine"]
[Date "2018.07.21"]
[Round "1.50"]
[White "Serralta, Michel"]
[Black "Lamaze, Simon"]
[Result "1-0"]
[WhiteElo "2126"]
[BlackElo "1838"]
[PlyCount "48"]
[EventDate "2018.??.??"]

1. d4 Nf6 2. c4 e6 3. Nc3 d5 4. Bg5 Nbd7 5. e3 Be7 6. Nf3 O-O 7. Qc2 b6 8. cxd5
exd5 9. Bd3 Bb7 10. O-O c5 11. Rad1 Re8 12. Ne5 Nxe5 13. dxe5 Ng4 14. Bxh7+ Kh8
15. Bf4 Bg5 16. Bf5 Nh6 17. Be4 f6 18. Bxd5 Bxd5 19. Rxd5 Qc7 20. exf6 Bxf4 21.
fxg7+ Kxg7 22. exf4 Qxf4 23. Rd7+ Nf7 24. Nd5 Qf5 1-0

[Event "33ème Open International d'Avoine"]
[Site "Avoine"]
[Date "2018.07.21"]
[Round "2.1"]
[White "Ortiz Suarez, Isan Reynaldo"]
[Black "Bianchi, Guillaume"]
[Result "1-0"]
[WhiteElo "2548"]
[BlackElo "2071"]
[PlyCount "75"]
[EventDate "2018.??.??"]

1. e4 {[%emt 0:00:09]} d6 {[%emt 0:00:26]} 2. d4 {[%emt 0:00:11]} Nf6 {
[%emt 0:00:15]} 3. Nc3 {[%emt 0:00:05]} e5 {[%emt 0:00:17]} 4. Nf3 {
[%emt 0:00:07]} Nbd7 {[%emt 0:00:12]} 5. Bc4 {[%emt 0:00:06]} Be7 {
[%emt 0:00:16]} 6. O-O {[%emt 0:00:09]} O-O {[%emt 0:00:18]} 7. Re1 {
[%emt 0:00:14]} c6 {[%emt 0:00:56]} 8. a4 {[%emt 0:00:11]} b6 {[%emt 0:00:38]}
9. b3 {[%emt 0:01:51]} Bb7 {[%emt 0:04:33]} 10. Bb2 {[%emt 0:00:22]} Qc7 {
[%emt 0:05:59]} 11. Qd2 {[%emt 0:07:14]} a6 {[%emt 0:05:27]} 12. Rad1 {
[%emt 0:01:06]} Rad8 {[%emt 0:07:05]} 13. Bd3 {[%emt 0:11:13]} Rfe8 {
[%emt 0:04:24]} 14. Ne2 {[%emt 0:12:33]} Bf8 {[%emt 0:06:56]} 15. Ng3 {
[%emt 0:00:20]} g6 {[%emt 0:01:41]} 16. h4 {[%emt 0:00:58]} exd4 {
[%emt 0:08:00]} 17. Nxd4 {[%emt 0:01:36]} Ne5 {[%emt 0:05:06]} 18. Ndf5 {
[%emt 0:13:17]} h5 {[%emt 0:15:33]} 19. Qf4 {[%emt 0:17:34]} Nh7 {
[%emt 0:15:39]} 20. Nh6+ {[%emt 0:03:50]} Kg7 {[%emt 0:00:53]} 21. Nxh5+ {
[%emt 0:30:07]} gxh5 {[%emt 0:00:39]} 22. Qg3+ {[%emt 0:00:04]} Kxh6 {
[%emt 0:03:31]} 23. Bc1+ {[%emt 0:00:03]} Ng5 {[%emt 0:00:07]} 24. Qxg5+ {
[%emt 0:00:17]} Kh7 {[%emt 0:00:07]} 25. f4 {[%emt 0:00:08]} Nxd3 {
[%emt 0:14:28]} 26. Rxd3 {[%emt 0:00:04]} Re6 {[%emt 0:05:26]} 27. f5 {
[%emt 0:00:25]} Bh6 {[%emt 0:01:35]} 28. Qxh5 {[%emt 0:00:25]} Rf6 {
[%emt 0:00:15]} 29. Bg5 {[%emt 0:02:45]} Qe7 {[%emt 0:00:06]} 30. e5 {
[%emt 0:01:00]} dxe5 {[%emt 0:01:16]} 31. Rxd8 {[%emt 0:00:19]} Qxd8 {
[%emt 0:00:08]} 32. Rd1 {[%emt 0:00:03]} Qe7 {[%emt 0:00:26]} 33. Bxf6 {
[%emt 0:00:09]} Qxf6 {[%emt 0:00:09]} 34. Rd7 {[%emt 0:00:06]} Kg7 {
[%emt 0:01:59]} 35. Rxb7 {[%emt 0:00:22]} a5 {[%emt 0:01:09]} 36. Qg6+ {
[%emt 0:02:26]} Qxg6 {[%emt 0:00:56]} 37. fxg6 {[%emt 0:00:04]} Kxg6 {
[%emt 0:00:06]} 38. Kf2 {[%emt 0:00:04]} 1-0

[Event "33ème Open International d'Avoine"]
[Site "Avoine"]
[Date "2018.07.21"]
[Round "2.2"]
[White "Bournel, Antoine"]
[Black "Bailet, Pierre"]
[Result "0-1"]
[WhiteElo "2066"]
[BlackElo "2503"]
[PlyCount "82"]
[EventDate "2018.??.??"]

1. e4 {[%emt 0:00:08]} e5 {[%emt 0:00:35]} 2. Nf3 {[%emt 0:00:20]} Nc6 {
[%emt 0:00:20]} 3. Bb5 {[%emt 0:00:15]} a6 {[%emt 0:00:18]} 4. Ba4 {
[%emt 0:00:16]} d6 {[%emt 0:02:05]} 5. c3 {[%emt 0:01:06]} Bd7 {[%emt 0:03:38]}
6. O-O {[%emt 0:05:02]} Nge7 {[%emt 0:02:43]} 7. d4 {[%emt 0:01:16]} g6 {
[%emt 0:02:13]} 8. d5 {[%emt 0:03:03]} Nb8 {[%emt 0:02:05]} 9. c4 {
[%emt 0:05:27]} Bg7 {[%emt 0:02:24]} 10. Nc3 {[%emt 0:01:56]} O-O {
[%emt 0:00:18]} 11. Bxd7 {[%emt 0:03:21]} Nxd7 {[%emt 0:00:16]} 12. Be3 {
[%emt 0:00:54]} h6 {[%emt 0:03:36]} 13. Nd2 {[%emt 0:02:23]} f5 {[%emt 0:01:10]
} 14. f3 {[%emt 0:00:09]} h5 {[%emt 0:08:57]} 15. b4 {[%emt 0:03:57]} Nf6 {
[%emt 0:00:46]} 16. c5 {[%emt 0:04:06]} f4 {[%emt 0:05:52]} 17. Bf2 {
[%emt 0:00:57]} g5 {[%emt 0:00:05]} 18. b5 {[%emt 0:15:49]} axb5 {
[%emt 0:01:09]} 19. Nxb5 {[%emt 0:04:22]} Ng6 {[%emt 0:01:15]} 20. Nc4 {
[%emt 0:01:02]} Ra6 {[%emt 0:00:18]} 21. cxd6 {[%emt 0:06:16]} cxd6 {
[%emt 0:00:13]} 22. Qb3 {[%emt 0:02:23]} Rf7 {[%emt 0:00:52]} 23. a4 {
[%emt 0:02:29]} g4 {[%emt 0:09:42]} 24. a5 {[%emt 0:01:00]} Ne8 {[%emt 0:01:05]
} 25. Rfc1 {[%emt 0:07:56]} g3 {[%emt 0:06:51]} 26. Be1 {[%emt 0:09:05]} gxh2+
{[%emt 0:02:48]} 27. Kh1 {[%emt 0:01:10]} Ra8 {[%emt 0:16:52]} 28. Nb6 {
[%emt 0:01:40]} Rb8 {[%emt 0:00:01]} 29. Ra2 {[%emt 0:00:18]} Qg5 {
[%emt 0:02:38]} 30. Rc8 {[%emt 0:04:08]} Rxc8 {[%emt 0:00:31]} 31. Nxc8 {
[%emt 0:00:05]} Bf8 {[%emt 0:00:53]} 32. Bb4 {[%emt 0:02:31]} Qd8 {
[%emt 0:06:17]} 33. Rc2 {[%emt 0:00:46]} h4 {[%emt 0:01:02]} 34. Qa3 {
[%emt 0:01:22]} Rd7 {[%emt 0:06:56]} 35. Nb6 {[%emt 0:01:18]} Rg7 {
[%emt 0:00:04]} 36. Nc8 {[%emt 0:00:37]} h3 {[%emt 0:03:07]} 37. Ncxd6 {
[%emt 0:01:10]} Nh4 {[%emt 0:02:46]} 38. Nxe8 {[%emt 0:11:03]} Qxe8 {
[%emt 0:03:37]} 39. Bxf8 {[%emt 0:02:40]} hxg2+ {[%emt 0:01:23]} 40. Rxg2 {
[%emt 0:00:07]} Rxg2 {[%emt 0:00:17]} 41. Bh6 {[%emt 0:01:56]} Qc8 {
[%emt 0:08:40]} 0-1

[Event "33ème Open International d'Avoine"]
[Site "Avoine"]
[Date "2018.07.21"]
[Round "2.3"]
[White "Garcia, Adrien"]
[Black "Haub, Thorsten Michael"]
[Result "0-1"]
[WhiteElo "2066"]
[BlackElo "2405"]
[PlyCount "74"]
[EventDate "2018.??.??"]

1. Nc3 {[%emt 0:00:17]} d6 {[%emt 0:00:09]} 2. e4 {[%emt 0:01:15]} g6 {
[%emt 0:01:55]} 3. d4 {[%emt 0:02:18]} Bg7 {[%emt 0:00:08]} 4. Be3 {
[%emt 0:00:10]} a6 {[%emt 0:00:13]} 5. a4 {[%emt 0:02:45]} b6 {[%emt 0:00:14]}
6. f4 {[%emt 0:11:31]} Nf6 {[%emt 0:04:14]} 7. Be2 {[%emt 0:00:10]} c5 {
[%emt 0:09:04]} 8. Bf3 {[%emt 0:08:12]} Ra7 {[%emt 0:00:38]} 9. Nge2 {
[%emt 0:13:00]} O-O {[%emt 0:06:14]} 10. Nc1 {[%emt 0:02:25]} Ng4 {
[%emt 0:10:19]} 11. Bg1 {[%emt 0:15:45]} cxd4 {[%emt 0:01:01]} 12. Bxd4 {
[%emt 0:04:15]} e5 {[%emt 0:02:44]} 13. Bg1 {[%emt 0:09:34]} exf4 {
[%emt 0:01:06]} 14. Bxg4 {[%emt 0:03:45]} Qh4+ {[%emt 0:00:11]} 15. Bf2 {
[%emt 0:00:08]} Qxg4 {[%emt 0:00:09]} 16. Qxg4 {[%emt 0:03:06]} Bxg4 {
[%emt 0:00:09]} 17. Nd3 {[%emt 0:01:26]} Re7 {[%emt 0:08:46]} 18. O-O {
[%emt 0:01:43]} Bxc3 {[%emt 0:03:58]} 19. bxc3 {[%emt 0:00:13]} Rxe4 {
[%emt 0:01:27]} 20. Bxb6 {[%emt 0:00:25]} Be2 {[%emt 0:01:26]} 21. Rfb1 {
[%emt 0:04:10]} Rc8 {[%emt 0:06:42]} 22. Nb4 {[%emt 0:09:35]} Bc4 {
[%emt 0:01:08]} 23. Re1 {[%emt 0:00:41]} Rxe1+ {[%emt 0:14:09]} 24. Rxe1 {
[%emt 0:00:08]} Nd7 {[%emt 0:00:07]} 25. Bd4 {[%emt 0:06:00]} Kf8 {
[%emt 0:00:12]} 26. Kf2 {[%emt 0:01:47]} f6 {[%emt 0:01:34]} 27. Nd3 {
[%emt 0:00:43]} g5 {[%emt 0:01:00]} 28. Rb1 {[%emt 0:00:07]} Rc7 {
[%emt 0:02:33]} 29. a5 {[%emt 0:01:32]} Kf7 {[%emt 0:01:09]} 30. Rb4 {
[%emt 0:01:18]} Ke6 {[%emt 0:00:47]} 31. Nb2 {[%emt 0:00:45]} Bb5 {
[%emt 0:01:23]} 32. c4 {[%emt 0:00:38]} Bc6 {[%emt 0:00:12]} 33. Nd3 {
[%emt 0:00:43]} Be4 {[%emt 0:00:44]} 34. Bb6 {[%emt 0:02:17]} Rc6 {
[%emt 0:00:32]} 35. c5 {[%emt 0:04:20]} Bxd3 {[%emt 0:00:29]} 36. cxd3 {
[%emt 0:00:07]} dxc5 {[%emt 0:00:19]} 37. Re4+ {[%emt 0:00:17]} Ne5 {
[%emt 0:00:51]} 0-1